Reálná konvergence zemí EU-5 v období recese

Približovanie ekonomickej úrovne k vyspelým krajinám v období hospodárskej recesie v Českej republike, podobne ako v ostatných stredoeurópskych nových členských krajinách.

Saved in:
Bibliographic Details
Main Author: Vintrová, Růžena
Format: Book Chapter
Language:Czech
Subjects:
Tags: Add Tag
No Tags, Be the first to tag this record!

MARC

LEADER 00000nla a2200000 4500
001 0198899
005 20240417075054.8
041 0 |a cze 
044 |a CZ 
245 1 0 |a Reálná konvergence zemí EU-5 v období recese  |c Růžena Vintrová 
520 |a Približovanie ekonomickej úrovne k vyspelým krajinám v období hospodárskej recesie v Českej republike, podobne ako v ostatných stredoeurópskych nových členských krajinách. 
610 2 0 |a eurozóna 
610 2 0 |a Európska únia 
610 2 0 |a eurozóna 
610 2 0 |a krajiny tranzitívne 
610 2 0 |a konvergencia 
610 2 0 |a spolupráca medzinárodná 
610 2 0 |a recesia 
100 1 |a Vintrová, Růžena